| 000 | 00657nam a2200241Ia 4500 | ||
|---|---|---|---|
| 001 | 20281 | ||
| 005 | 20240114000509.0 | ||
| 007 | ta | ||
| 008 | 060221s1909 a g b000 u 465 u | ||
| 040 | _aCotton College,Assam | ||
| 041 | _a465 | ||
| 082 |
_a821 _bP 752 C |
||
| 100 | _aPoe, Edgar Allan . | ||
| 245 | 0 |
_aThe Complete Poetical Works of Edgar Allan Poe / _cEdgar Allan Poe. _hTextual Documents |
|
| 250 | _a1st ed. / | ||
| 260 |
_aLondon : _bOxford University Press , _c1909. |
||
| 300 |
_a316p. : _bill ; _c21cm . |
||
| 653 | _aEnglish poetry | ||
| 653 | _aG-English | ||
| 942 |
_2ddc _cBK |
||
| 999 |
_c20263 _d20263 |
||